LDR 00782naa#a2200205#i#450# 001 EN\\bibl\123434 005 20260705235749.7 011 ## _a1994-4683 100 ## _a20230731b2023####ek#y0engy0150####ca 102 ## _aRU 200 1# _aPREVENTION OF DISEASES OF THE MUSCULOSKELETAL SYSTEM IN SABRE FENCERS AGED 12-14 YEARS BY SMOOTHING PHYSICAL ASYMMETRY _eJournal article 210 1# _aMoscow _cNational State University of Physical Education, Sports and Health named after P.F. Lesgaft _d2023 215 ## _a4 с. 608 ## _aJournal article _2local 675 ## _aна рапирах, электрорапирах. 796.862 _z 700 #1 _aShalamova _gOlesya Viktorovna 700 #1 _aSHadrin _gD I 700 #1 _aChurin _gViktor Mihaylovich 700 #1 _aBoberskaya _gA S 856 4# _auchzapiski.lesgaft.spb.ru _u